000 00462nam a2200181Ia 4500
003 GCL
008 140319s9999 xx 000 0 eng d
040 _aGCL /
_cGCL
082 0 4 _a953
_bM A
100 1 _aMANSFIELD, PETER
245 1 0 _aTHE ARABES /
_cMANSFIELD, PETER
260 _a[S.N] :
_bPENGUIN BOOKS ،
_c1992
300 _a557 P
650 0 4 _aARABIC WORLD
650 0 4 _aARAB COUNTRIES - HISTORY
650 0 4 _aMIDDLE EAST - HISTORY
942 _2ddc
_cBK
999 _c16057
_d16057